Liverpool`s Kader 2018/2019 - Statistiken

Allgemein
  • Dieses Quiz wurde 31 mal gespielt
  • Das Durchschnittsergebnis liegt bei 17 aus 25
Antwortstatistiken
Nummer Position Aktueller Verein Antwort % Korrekt
11 RM/RF Liverpool FC Mohamed Salah
100%
66 RV Real Madrid Trent Alexander-Arnold
100%
4 IV Liverpool FC Virgel van Dijk
100%
10 LM/LF Al-Nassr FC Sadio Mane
97%
1 TW Liverpool FC Alisson Becker
93%
9 ST Al-Sadd FC Roberto Firmino
93%
26 LV Liverpool FC Andrew Robertson
86%
32 IV Karriereende (2024) Joel Matip
86%
14 ZDM FC Brentford Jordan Henderson
83%
7 ZM Brighton & Hove Albion James Milner
79%
5 ZM Al-Ettifaq FC Georginio Wijnaldum
76%
27 ST Vereinslos Divock Origi
72%
12 IV Liverpool FC Joe Gomez
72%
13 TW Club Brügge Simon Mignolet
72%
23 ZOM FC Basel Xherdan Shaqiri
72%
3 ZDM Al-Ittihad Club Fabinho
69%
48 ZM Liverpool FC Curtis Jones
62%
62 TW FC Brentford Caoimhin Kelleher
55%
2 RV Crystal Palace Nathaniel Clyne
48%
18 LM/LF AS Monaco Takumi Minamino
41%
6 IV PAOK Thessaloniki Dejan Lovren
38%
8 ZM Ferencvárosi TC Naby Keita
31%
15 ZM Celtic Glasgow Alex Oxlade-Chamberlain
21%
20 ZOM Karriereende (2025) Adam Lallana
14%
22 TW Karriereende (2025) Andy Lonergan
0%
Keine übereinstimmenden Quizze gefunden
Verteilung der Resultate
Anzahl Personen mit jedem Resultat
Perzentil nach korrekt beantworteten Fragen
Ihre Resultats-Entwicklung
Sie haben dieses Quiz noch nicht gespielt